000 00450nam a22001697a 4500
003 JO-AjAnu
005 20241023100320.0
008 241022b jo ||||| |||| 00| 0 ara d
040 _cJO-AjAnu
041 _aeng
100 1 _aBenton, James
_966387
_eAuthor
245 1 _apractical Linear Algebra : principles & SoftWare /
_c by james Benton
260 _c2023
300 _a100 : pages
650 0 _aLinear Algebra
_966388
942 _2lcc
_cBK
_n0
999 _c33823
_d33823